LIBRARY & INFORMATION CENTRE, KCAET, TAVANUR

ONLINE PUBLIC ACCESS CATALOGUE (OPAC)

Fruit crops / (Record no. 15395)

MARC details
000 -LEADER
fixed length control field 00410cam a2200157ua 4500
020 ## - INTERNATIONAL STANDARD BOOK NUMBER
ISBN 9788189422462
082 ## - DEWEY DECIMAL CLASSIFICATION NUMBER
Classification number 635
Item number PET/FR
100 ## - MAIN ENTRY--AUTHOR NAME
Personal name Peter, K V.
245 00 - TITLE STATEMENT
Title Fruit crops /
260 ## - PUBLICATION, DISTRIBUTION, ETC. (IMPRINT)
Place of publication New Delhi :
Name of publisher New India Publishing Agency ,
Year of publication 2007.
300 ## - PHYSICAL DESCRIPTION
Number of Pages 429 ;
490 0# - SERIES STATEMENT
Series statement Horticultural Science Series No. 3,
700 1# - ADDED ENTRY--PERSONAL NAME
Personal name Mathew, L .
700 1# - ADDED ENTRY--PERSONAL NAME
Personal name Radha, T .
942 ## - ADDED ENTRY ELEMENTS (KOHA)
Koha item type Book Bank scheme for SC students
Holdings
Withdrawn status Lost status Damaged status Home library Current library Shelving location Date acquired Cost, normal purchase price Full call number Accession Number Koha item type
      KAUAET KAUAET Scheme 31/03/2018 4500.00 635 PET/FR BB 468 Book Bank scheme for SC students
free website counter